000 00312nam a22001457a 4500
008 210310b ||||| |||| 00| 0 eng d
020 _a9780536451347
041 _aeng
080 _29th
_a579
_x
082 _a579
100 _a11
101 _aMIK
245 _aMicrobiology
_cTortora,G.J
942 _2udc
_cBK
999 _c56201
_d56201